| 000 | 00589nam a2200157 a 4500 | ||
|---|---|---|---|
| 001 | 000045829 | ||
| 005 | 20201002052452.0 | ||
| 008 | 150518s2005 cu abc 000 0 spa d | ||
| 040 |
_aDO-SdBNP _bspaBNPHU |
||
| 082 |
_axxxx _bxxxx |
||
| 100 | 1 |
_aBlanco Hernández, Francisco _973906 |
|
| 245 | 1 | 0 |
_aJosé Martí : _bálbum de postales en colores / _cFrancisco Blanco Hernández ; Josefa Ma. Villa Díaz ; edición Manuel Pérez Alfaro. |
| 260 |
_aLa Habana, Cuba : _bPablo de la Torriente, _c2005. |
||
| 300 |
_a19 p. : _bil., mapas, retr. ; _c28 cm. |
||
| 700 | 1 | 2 |
_aVilla Díaz, Josefa Ma. _973907 |
| 999 |
_c45318 _d45318 |
||